A treasury of mexican folkways (Record no. 9897)

MARC details
000 -CABECERA
campo de control de longitud fija 00939nam a2200253 a 4500
001 - NÚMERO DE CONTROL
campo de control BRL_1085
005 - FECHA Y HORA DE LA ÚLTIMA TRANSACCIÓN
campo de control 20190320211028.0
008 - DATOS DE LONGITUD FIJA--INFORMACIÓN GENERAL
campo de control de longitud fija 081113s1947----mx-ao#####---#000-0#eng-#
041 ## - CÓDIGO DE LENGUA
Código de lengua del texto/banda sonora o título independiente eng
044 ## - CÓDIGO DEL PAÍS DE LA ENTIDAD EDITORA/PRODUCTORA
Código MARC del país mx
050 #4 - SIGNATURA TOPOGRÁFICA DE LA BIBLIOTECA DEL CONGRESO
Número de clasificación GR115
Número de documento/Ítem .T66 1947
100 1# - ENTRADA PRINCIPAL--NOMBRE DE PERSONA
Nombre de persona Toor, Frances
Fechas asociadas al nombre 1890-1956
9 (RLIN) 25768
245 10 - MENCIÓN DE TÍTULO
Título A treasury of mexican folkways
Resto del título the customs, myths, folklore, traditions, beliefs, fiestas, dances, and songs of the mexican people. Illustrated with 10 color plates, 100 drawings by Carlos Mérida, and 170 photographs
Mención de responsabilidad, etc. by Frances Toor.
260 ## - PUBLICACIÓN, DISTRIBUCIÓN, ETC.
Lugar de publicación, distribución, etc. México
Nombre del editor, distribuidor, etc. Crown Publishers
Fecha de publicación, distribución, etc. 1947
300 ## - DESCRIPCIÓN FÍSICA
Extensión xxxii, 566 p.
Otras características físicas il.
Dimensiones 24 cm.
500 ## - NOTA GENERAL
Nota general Au1222
500 ## - NOTA GENERAL
Nota general Estado físico: Camisa desecha
504 ## - NOTA DE BIBLIOGRAFÍA, ETC.
Nota de bibliografía, etc. Bibliografía: p. 547-551
650 14 - PUNTO DE ACCESO ADICIONAL DE MATERIA--TÉRMINO DE MATERIA
Término de materia o nombre geográfico como elemento de entrada Folklore
Subdivisión geográfica México
9 (RLIN) 25769
650 14 - PUNTO DE ACCESO ADICIONAL DE MATERIA--TÉRMINO DE MATERIA
Término de materia o nombre geográfico como elemento de entrada Música folklórica
Subdivisión geográfica México
9 (RLIN) 25770
651 #4 - PUNTO DE ACCESO ADICIONAL DE MATERIA--NOMBRE GEOGRÁFICO
Nombre geográfico Indígenas de México
Subdivisión general Vida social y costumbres
9 (RLIN) 25771
902 ## - CATALOGADOR
Iniciales GRL
942 ## - ELEMENTOS DE PUNTO DE ACCESO ADICIONAL (KOHA)
Fuente del sistema de clasificación o colocación Library of Congress Classification
Tipo de ítem Koha Libros
Holdings
Estado de retiro Estado de pérdida Estado dañado No para préstamo Localización permanente Ubicación/localización actual Fecha de adquisición Número de inventario Total de préstamos Signatura topográfica completa Código de barras Fecha visto por última vez Precio válido a partir de Tipo de ítem Koha
El ejemplar forma parte de la colección y puede ser consultado según las políticas vigentes.       Biblioteca Centro de Estudios Ruth D. Lechuga Biblioteca Centro de Estudios Ruth D. Lechuga 08/11/2013 Au1222   GR115 .T66 1947 (Au1222) GRL01180 22/03/2019 22/03/2019 Libros